000 00292nam a2200145Ia 4500
100 _aISTE-CIICP Monography Seriesc
650 _aTurner
942 _cBK
654 _aTrain the Turner
245 _aTrain the Turner
260 _bISTE
300 _a38
546 _aENGLISH
999 _c28656
_d28656